00625nam a2200217Ia 4500001000700000003000500007008004100012010001100053040000900064082001700073100005600090245005100146260003500197300002200232440000500254500000500259503001100264650006000275650004200335650003000377Z_1121CHAP220113s1980 xx 000 0 und d a164201 cCHAP a636.20892 S9 aSymposium on Energy Metabolism (8: 1979: Cambridge) aEnergy metabolism /ced. by Laurence E. Mount aLondon :bButterworths,c1980 a484 p. : gráfs. a a a146345 aEnergía metabólica I. Mount, Laurece E., ed. II. t. aMetabolismo en animales domésticos  aMetabolismo en rumiantes